Statystyki dla Znane nazwiska

Kliknij tutaj aby rozwiązać quiz!

Ogólne statystyki

  • Ten quiz został rozwiązany 684 razy
  • Średni wynik to 7 z 14

Statystyki odpowiedzi

imięnazwisko% Poprawnych
Ivana, Melania, Donald, IvankaTrump
85%
Bill, Chelsea, HillaryClinton
82%
Michael, Janet, Samuel LJackson
81%
Robin, Venus, SerenaWilliams
74%
Etta, Jesse, LeBron, HenryJames
71%
John F, Robert F, EdwardKennedy
62%
Denzel, George, MarthaWashington
62%
Agnieszka, Urszula, AleksandraRadwańska
55%
Norah, Tom, Rashida, Tommy LeeJones
52%
O.J, Homer, Bart, JessicaSimpson
39%
Foxy, James, Chris, BobbyBrown
34%
Arthur, Henry, SiennaMiller
12%
Johann, Richard, Josef, EdouardStrauss
9%
Philip, David Lee, Uli Jon, PetraRoth
5%

Rozkład punktacji

Percentyl według liczby udzielonych odpowiedzi

Procent ludzi z każdym wynikiem

Twoja historia wyników

Nie rozwiązałeś tego quizu